| 000 -ლიდერი |
| ფიქსირებული სიგრძის საკონტროლო ველი |
01149nam a2200253Ia 4500 |
| 001 - საკონტროლო ნომერი |
| საკონტროლო ველი |
8198 |
| 003 - საკონტროლო ნომრის იდენტიფიკატორი |
| საკონტროლო ველი |
GE_BSU |
| 005 - ბოლო ოპერაციის თარიღი და დრო |
| საკონტროლო ველი |
20221004165428.0 |
| 008 - ფიქსირებული სიგრძის მონაცემთა ელემენტები - ზოგადი ინფორმაცია |
| ფიქსირებული სიგრძის საკონტროლო ველი |
181216s2011ge xx |||||||||||||| ||geo|| |
| 020 ## - წიგნის საერთაშორისო სტანდარტული ნომერი |
| International Standard Book Number |
9789994042265. |
| 040 ## - კატალოგიზაციის წყარო |
| Transcribing agency |
GE_BSU |
| 041 ## - ენის კოდი |
| Language code of text/sound track or separate title |
geo |
| 080 ## - უნივერსალური ათობითი კლასიფიკაციის ინდექსი |
| Universal Decimal Classification number |
82-93:821.353.1-1 დ-90 |
| 100 ## - მთავარი ჩანაწერი - პიროვნების სახელი |
| Personal name |
დუმბაძე, ნოდარ. |
| 9 (RLIN) |
1321 |
| 245 ## - ცნობა სათაურის შესახებ |
| Title |
მზეო დაბრუნდი დაბრუნდი : |
| Remainder of title |
საბავშვო ლექსები / |
| Statement of responsibility, etc |
ნოდარ დუმბაძე, რედ. ლალი ჯაფარიძე;მხატვ. ნათია კვარაცხელია. |
| 264 ## - წარმოების, გამოცემის, დისტრიბუციის და სხვა ცნობები |
| გამოცემის, წარმოების, დისტრიბუციის... ადგილი |
თბილისი : |
| გამოცემის, წარმოების, დისტრიბუციის... სახელწოდება |
პალიტრა L, |
| გამოცემის, წარმოების, დისტრიბუციის... თარიღი |
2011. |
| 300 ## - ფიზიკური აღწერა |
| Extent |
22 გვ. ; |
| Other physical details |
ილ. |
| Dimensions |
21სმ. |
| 653 ## - INDEX TERM--UNCONTROLLED |
| Uncontrolled term |
მზეო დაბრუნდი დაბრუნდი. |
| 653 ## - INDEX TERM--UNCONTROLLED |
| Uncontrolled term |
საბავშვო ლექსები. |
| 700 ## - ADDED ENTRY--PERSONAL NAME |
| Personal name |
ჯაფარიძე, ნოდარ |
| Relator term |
რედაქტორი |
| 9 (RLIN) |
15030 |
| 700 ## - ADDED ENTRY--PERSONAL NAME |
| Personal name |
კვარაცხელია, ნათია |
| Relator term |
მხატვარი |
| 9 (RLIN) |
15031 |
| 942 ## - ADDED ENTRY ELEMENTS (KOHA) |
| Koha item type |
წიგნი |
| Source of classification or shelving scheme |
|